Los crímenes de Oxford

La película está basada en la novela Crímenes imperceptibles (titulada en España Los crímenes de Oxford), del escritor argentino Guillermo Martínez. -- Martin es un estudiante estadounidense que llega a Oxford para que el prestigioso Arthur Seldom dirija su tesis. Lo que no imagina es que cuando su...

Descripción completa

Guardado en:
Autor Principal: de la Iglesia, Álex.
Autor Corporativo: Tornasol Films.
Otros Autores: Guerricaechevarría, Jorge; Guion., Martínez, Guillermo; Novela., Hurt, John; Reparto., Wood, Elijah; Reparto.
Formato: Deslizar
Idioma:Undetermined
Publicado: España : Warner Bros., 2008.
Materias:
Etiquetas: Agregar Etiqueta
Sin Etiquetas, Sea el primero en etiquetar este registro!
LEADER 01415ngm a22002895a 4500
001 CEM.cems020121
008 230518s2008####xx#---############vlund#d
005 20230518211109.0
245 1 0 |a Los crímenes de Oxford  |h [videograbación] /  |c Álex de la Iglesia. 
260 |a España :  |b Warner Bros.,  |c 2008. 
300 |a 110'. 
520 |a La película está basada en la novela Crímenes imperceptibles (titulada en España Los crímenes de Oxford), del escritor argentino Guillermo Martínez. -- Martin es un estudiante estadounidense que llega a Oxford para que el prestigioso Arthur Seldom dirija su tesis. Lo que no imagina es que cuando su casera aparezca asesinada, alumno y profesor se verán envueltos en la resolución de un crimen donde su asesino les deja pistas constantemente. 
590 |a Identificación anterior: 43 
538 |a Soporte: DVD -- Formato: AVI – Peso: 695mb -- Resolución: 640 x 392 -- 25fps 
500 |a Título original: The Oxford Murders. 
100 1 |a de la Iglesia, Álex. 
700 1 |a Guerricaechevarría, Jorge; Guion. 
700 1 |a Martínez, Guillermo; Novela. 
700 1 |a Hurt, John; Reparto. 
700 1 |a Wood, Elijah; Reparto. 
710 2 |a Tornasol Films. 
653 |a LARGOMETRAJE 
653 |a FICCIÓN 
653 |a CRIMEN 
653 |a THRILLER 
653 |a ADAPTACIÓN 
859 |a CEMS  |b BIB. CEMS - Depto. Recursos Didacticos  |h 778.5  |i IGL  |k DRD  |p 3001.23  |t Ej.1